000
00260nam a2200121Ia 4500
100
_a
Frank W. Willson
942
_c
BK
654
_a
tool Design
245
_a
Fundamentals of tool Design
260
_b
prentice hall
_c
1964
300
_a
492
546
_a
ENGLISH
999
_c
25377
_d
25377